000 00359nam a2200145Ia 4500
008 230312s9999||||xx |||||||||||||| ||und||
020 _a0-78581-675-5
082 _a629.13
_bTIM
245 0 _aTimechart of Aviation History
260 _bChartwel books
_aUSA
_c2003
300 _a144
546 _aEng.
650 _aArchitecture
_vAviation History
942 _cBK
999 _c8286
_d8286